Statistiques concernant Les plus grandes villes du Royaume-Uni

Cliquez ici pour prendre le quiz!

Statistiques générales

  • Ce quiz a été pris 3 015 fois
    (2 048 depuis la dernière actualisation)
  • Le résultat moyen est 18 sur 46

Statistiques - réponses

PopulationVilles% Correct
8.250.205Londres
100%
464.200Manchester
97%
434.900Liverpool
93%
1.085.810Birmingham
85%
590.507Glasgow
83%
441.419Édimbourg
80%
307.364Cardiff
78%
274.586Belfast
73%
430.459Leeds
72%
343.019Newcastle upon Tyne
69%
141.268Brighton
61%
160.587Oxford
60%
252.129Southampton
57%
429.028Bristol
55%
252.814Leicester
50%
244.411Nottingham
50%
428.971Sheffield
50%
248.402Plymouth
46%
184.334Aberdeen
44%
179.048Norwich
42%
171.352Swansea
40%
147.468York
39%
197.471Portsmouth
37%
177.666Sunderland
30%
178.499Bournemouth
28%
301.984Kingston-upon-Hull
28%
143.122Blackpool
24%
310.200Coventry
24%
150.935Dundee
22%
260.336Stoke-on-Trent
22%
237.341Derby
21%
200.787Northampton
21%
197.492Luton
20%
146.110Ipswich
19%
249.462Reading
18%
301.499Bradford
15%
142.393Middlesbrough
15%
142.002Bolton
13%
150.127Huddersfield
11%
141.608Peterborough
10%
193.215Preston
10%
165.633Swindon
8%
164.563Southend-on-Sea
7%
152.389Poole
5%
200.668Dudley
4%
172.282Walsall
4%

Distribution des résultats

Percentile par nombre de réponses

% des personnes avec chaque résultat

Votre développement - résultats

Vous n’avez pas pris ce quiz depuis la dernière actualisation